00392nam a2200169Ia 4500008004100000082001900041100001800060245002100078260002500099300000800124520001000132620001000142630002100152730002100173942000900194999001900203100122s9999 xx 000 0 und d b10050a923.254 aZAKARIA RAFIQ aA Study Of Nehru bTIMES OF INDIAc2004 a478 aNehru aNehru aA Study Of Nehru aA Study Of Nehru cBOOK c444091d444088